LEADER 01254nam0-22003971i-450- 001 990002579280403321 005 20030916155039.0 035 $a000257928 035 $aFED01000257928 035 $a(Aleph)000257928FED01 035 $a000257928 100 $a20030910d1931----km-y0itay50------ba 101 0 $afre 200 1 $a9. Congres international d'actuaries, Stockholm 16-20 juin 1930. Compte rendus Actuaries 210 $aUppsala$cAlmquist & Wiksell$d1931 215 $a4v.$d24 cm 307 $a1.: 570 p. 307 $a2.: 565 p. 307 $a3.: 604 p. 307 $a4.: 498 p. 327 0 $a1.: Rapports A-B$a2.: Rapports C-E$a3.: Rapports F-H$a4.: Proces verbaux 610 0 $aAtti di convegni 610 0 $aMatematica attuariale 676 $a510 676 $a519 710 12$aCONGRES INTERNATIONAL D'ACTUARIES$d<9. ;$f1930 ;$eStockholm>$0368443 801 0$aIT$bUNINA$gRICA$2UNIMARC 901 $aBK 912 $a990002579280403321 952 $aMXXX-A-11$b8275$fMAS 952 $aMXXX-A-10$b8185$fMAS 952 $aMXXX-A-12$b8275a$fMAS 952 $aMXXX-A-21$b8718$fMAS 959 $aMAS 996 $a9. Congres international d'actuaries, Stockholm 16-20 juin 1930. Compte rendus Actuaries$9436100 997 $aUNINA LEADER 01299nam 2200421 450 001 9910795449403321 005 20200124140658.0 010 $a2-8062-9963-2 035 $a(CKB)4340000000245718 035 $a(Au-PeEL)EBL5288591 035 $a(CaPaEBR)ebr11511546 035 $a(OCoLC)1023528693 035 $a(MiAaPQ)EBC5288591 035 $a(EXLCZ)994340000000245718 100 $a20200124d2018 uy 0 101 0 $aspa 135 $aurcnu|||||||| 181 $ctxt$2rdacontent 182 $cc$2rdamedia 183 $acr$2rdacarrier 200 10$aAprende a estimular a tu bebe? $elas claves para desarrollar los sentidos del lactante /$fpor Dominique van der Kaa ; traducido por Laura Soler Pinson 210 1$a[Place of publication not identified] :$c50Minutos.es,$d[2018] 210 4$dİ2018 215 $a1 online resource (27 pages) 225 1 $aSalud y bienestar 410 0$aSalud y bienestar. 606 $aInfants$xDevelopment 615 0$aInfants$xDevelopment. 676 $a305.232 700 $aVan der Kaa$b Dominique$0863371 702 $aSoler Pinson$b Laura 801 0$bMiAaPQ 801 1$bMiAaPQ 801 2$bMiAaPQ 906 $aBOOK 912 $a9910795449403321 996 $aAprende a estimular a tu bebe?$93811396 997 $aUNINA